Vista normal
Vista MARC
Entrada Topical Term
Número de registros utilizados en: 1
001 - CONTROL NUMBER
- control field: 60347
003 - CONTROL NUMBER IDENTIFIER
- control field: OSt
005 - DATE AND TIME OF LATEST TRANSACTION
- control field: 20250619144943.0
008 - FIXED-LENGTH DATA ELEMENTS
- fixed length control field: 250619|| aca||aabn | a|a d
040 ## - CATALOGING SOURCE
- Original cataloging agency: OSt
- Transcribing agency: OSt
150 ## - HEADING--TOPICAL TERM
- Topical term or geographic name entry element: Zorros
- General subdivision: Hábitos y conducta
- Form subdivision: Cuentos
670 ## - SOURCE DATA FOUND
- Source citation: Work cat.: (OSt)57335: Undarraga, Sol autora 60345, El zorro Chuleta